000
00250nam a2200097Ia 4500
001
1250821
005
20251031150903.0
008
251031s9999 xx 000 0 und d
245
0
_c
CHARLES OGDEN
_a
J-1 İNTİKAM PLANI
260
_b
GÜNIŞIĞI YAYINLARI
999
_c
1250821
_d
1250821